| 000 | 00440nam a2200157 i 4500 | ||
|---|---|---|---|
| 001 | 114700 | ||
| 003 | ES-MaACL | ||
| 005 | 20230906190230.0 | ||
| 007 | t| | ||
| 008 | 070321s1968 sp ||||1| spa d | ||
| 245 | 0 | 0 | _aRepertorio biográfico de Procuradores en Cortes. |
| 260 |
_aMadrid : _bDopress, _c[1968] |
||
| 300 |
_a2 v. ; _c22 cm. |
||
| 650 | 1 | 4 |
_aProcuradores en cortes- _zEspaña. _916442 |
| 852 |
_aES-MaACL _jC-34370-1 _bR.65136 |
||
| 999 |
_c114700 _d114700 |
||